| 000 | 00666nam a22001337a 4500 | ||
|---|---|---|---|
| 040 | _cRUA | ||
| 082 | _aGRS MEA 2015 B641 Or.1 | ||
| 100 | _aMEACH CHHUNLY មៀច ឈុនលី | ||
| 245 | _aexperiment on khmer thai and vietnam cucumber varieties at kirivorn commune phnom sruoch district kampong spue province ការពិសោធន៍ពូជត្រសកខ្មែ ថៃ និងវៀតណាម នៅឃុំគីរីវ័ន្ត ស្រុកភ្នំស្រួច ខេត្តកំពង់ស្ពឺ | ||
| 260 |
_aRUA _bPhnom penh _c2015 |
||
| 300 |
_avi;20p _bill; _c29cm |
||
| 856 | _uMEACH CHHUNLY | ||
| 942 | _cGRS | ||
| 999 |
_c18078 _d18078 |
||